Forty fathoms deep /

Saved in:
Bibliographic Details
Main Author: Idriess, Ion Llewellyn, 1890-
Format: Book
Language:English
Published: Sydney : Angus & Robertson, 1968.
Series:A Pacific book
Subjects:
LEADER 01111cam a2200325 a 4500
001 c000272018
003 CARM
005 20070913120355.0
008 691012s1968 xnab 000 1 eng d
010 |a 70414211 
015 |a Aus68-2273 
019 1 |a 64241  |z 47003833  |z 23877376  |5 LACONCORD2021 
035 |a (OCoLC)25187  |5 LACONCORD2021 
040 |a LC  |b eng  |c LC  |d LC  |d VCAV 
042 |a anuc 
050 0 0 |a PZ3.I19  |b Fo5  |a PR6017.D7 
082 0 4 |a 823  |2 22 
100 1 |a Idriess, Ion Llewellyn,  |d 1890- 
245 1 0 |a Forty fathoms deep /  |c Ion L. Idriess. 
246 3 |a 40 fathoms deep 
260 |a Sydney :  |b Angus & Robertson,  |c 1968. 
300 |a 219 p. :  |b 1 map ;  |c 19 cm. 
490 0 |a A Pacific book 
650 0 |a Pearl fisheries  |z Australia  |v Fiction. 
610 1 0 |a Australia  |x Fiction. 
655 7 |a Adventure stories.  |2 lcsh 
655 0 7 |a Adventure stories.  |2 gsafd 
852 8 |b CARM  |h A1:AM19A0  |i A04809  |p 0374359  |f BK 
999 f f |i 674d94f7-9de4-5e64-9be1-f011155272ca  |s a37f9ad1-8607-59c6-98c4-8854e2b53325 
952 f f |p Can circulate  |a CAVAL  |b CAVAL  |c CAVAL  |d CARM 1 Store  |e A04809  |f A1:AM19A0  |h Other scheme  |i book  |m 0374359